The contested politics of de-privatisation and the shifting terrain of the local state: The case of the Ilm-Kreis, Thuringia, Germany (Record no. 530012)

000 -LEADER
fixed length control field 01729nam a22001457a 4500
008 - FIXED-LENGTH DATA ELEMENTS--GENERAL INFORMATION
fixed length control field 250521b ||||| |||| 00| 0 eng d
100 ## - MAIN ENTRY--PERSONAL NAME
Personal name Paul, Franziska Christina
245 ## - TITLE STATEMENT
Title The contested politics of de-privatisation and the shifting terrain of the local state: The case of the Ilm-Kreis, Thuringia, Germany
260 ## - PUBLICATION, DISTRIBUTION, ETC. (IMPRINT)
Place of publication, distribution, etc Local Government Studies
300 ## - PHYSICAL DESCRIPTION
Extent 50(4), Aug, 2024: p.696-717
520 ## - SUMMARY, ETC.
Summary, etc The trend towards de-privatisation has reshaped the role of local governments and their delivery of public services across the world. Local de-privatisation encompasses the twin processes of remunicipalisation, whereby towns, cities, and rural districts take previously privatised services and infrastructure back into public ownership, and municipalisation, a process of setting up new public provision. While global in scope, de-privatisation is particularly pronounced in Germany, prompting debates about the progressive potential of public ownership as an alternative (urban) politics beyond neoliberalism. This paper explores de-privatisation in rural Germany, and critically investigates how the shifting terrain of the local state in the Ilm-Kreis has led to the de-privatisation of two key sectors: waste and bus transportation (and vice versa). The paper illustrates how the two cases unfolded, highlighting the variegated actors and agencies, the complex contexts, and the dynamic and contested politics of de-privatisation in the Ilm-Kreis.- Reproduced

https://www.tandfonline.com/doi/full/10.1080/03003930.2023.2298292#abstract
650 ## - SUBJECT ADDED ENTRY--TOPICAL TERM
Topical term or geographic name as entry element Public ownership, De-privatisation, Local state,(re) Municipalisation, Embeddedness.
9 (RLIN) 53536
773 ## - HOST ITEM ENTRY
Main entry heading Local Government Studies
942 ## - ADDED ENTRY ELEMENTS (KOHA)
Item type Articles
Holdings
Withdrawn status Lost status Source of classification or shelving scheme Damaged status Not for loan Permanent location Current location Date acquired Serial Enumeration / chronology Barcode Date last seen Koha item type
          Indian Institute of Public Administration Indian Institute of Public Administration 2025-05-21 50(4), Aug, 2024: p.696-717 AR135831 2025-05-21 Articles

Powered by Koha